| 000 | 00870nam a2200229 i 4500 | ||
|---|---|---|---|
| 001 | 125002 | ||
| 003 | ES-MaACL | ||
| 005 | 20230906192532.0 | ||
| 007 | t| | ||
| 008 | 070426s1941 sp ||||1| spa d | ||
| 100 | 0 |
_aLleó Silvestre, Antonio. _972756 |
|
| 245 | 1 | 0 |
_aEstatutos de un coto forestal de previsión _b: cotos sociales de previsión / _cAntonio LLeó. |
| 260 |
_a[s.l. : _bs.n., _c1941] ( _fSobrinos Sucesores de Minuesa de los Ríos) |
||
| 300 |
_a4 p. ; _c22 cm. |
||
| 490 | 1 |
_aPublicaciones del Instituto Nacional de Previsión ; _v527 |
|
| 500 | _aPrecede al tít.: Instituto Nacional de Previsión. | ||
| 650 | 4 |
_aCotos escolares. _9163888 |
|
| 710 | 2 |
_aInstituto Nacional de Previsión (España) _95180 |
|
| 830 | 0 |
_aPublicaciones del Instituto Nacional de Previsión ; _v527 _9181151 |
|
| 852 |
_aES-MaACL _jC-12638(13) |
||
| 999 |
_c125002 _d125002 |
||